00437nam a2200157Ia 4500008004100000020001500041040001800056041000800074100002900082245003700111260004700148300001800195490002200213650002400235650002000259130821s1988 sp gr spa  a8420603538 aCo-BoUCMbspa00aspa1 aRulfo, Juan.d1918-1986.10aAntología personalcJuan Rulfo aMadrid (España)bAlianza Editorialc1988 a158 páginas aLiteraturav1353.04aLiteratura mexicana04aNovela mexicana